00487nam a2200193 a 4500001001300000003000900013005001700022008004100039020000800080082001700088100002800105245001900133260003700152300000900189500003500198505000900233650002300242700002800265nice12345678IN_TiNIC20260116011943.0050524s1964 luca grp 000 0 urd  ac600a297.409bWAR aWarisi, Haji Munan Shah aSachchi Kahani aLucknowbDaftar Jahan Numac1964 a393p aincludes index and biblioraphy2 aill. aSufism-Hagiography1 aWarisi, Haji Munan Shah